000 00607nam a22001937a 4500
005 20240312093603.0
008 240312b |||||||| |||| 00| 0 eng d
020 _a9780340945896
082 _a617.520
_bOPE
245 _aOpertive Oral and Maxillofacial Surgery /
_cEdited by John Langdon ; Edited by Mohan Patel.
250 _a2nd ed.
260 _aUK :
_bHodder & Stoughton Limited ;
_c2011 .
300 _axx , 810 p. :
_bill ;
_c27.5 cm
500 _aInclude Index. Hard binding.
650 _aMedical / Dentistry
700 _aEdited by Mohan Patel
700 _aEdited by Robert Ord
999 _c35314
_d35314